[Event "Tatry op"]
[Site "Tatranske Zruby"]
[Date "2009.09.28"]
[Round "2"]
[White "Belunek, Vladimir"]
[Black "Behul, Bohus"]
[Result "1-0"]
[WhiteElo "2277"]
[BlackElo "2163"]
[PlyCount "25"]
[EventDate "2009.09.27"]
[EventType "swiss"]
[EventRounds "9"]
[EventCountry "SVK"]
[SourceTitle "EXT 2011"]
[Source "ChessBase"]
[SourceDate "2010.11.26"]
[SourceVersion "1"]
[SourceVersionDate "2010.11.26"]
[SourceQuality "1"]

1. Nf3 d5 2. c4 c6 3. e3 Nf6 4. Nc3 Bf5 5. cxd5 cxd5 6. Qb3 b6 7. Bb5+ Bd7 8. Nxd5 e6 9. Nxf6+ Qxf6 10. 0-0 Be7 11. Bxd7+ Nxd7 12. Qa4 Qf5 13. e4 1-0

[Event "Tatry op"]
[Site "Tatranske Zruby"]
[Date "2009.09.27"]
[Round "1"]
[White "Behul, Bohus"]
[Black "Sikora, Jan"]
[Result "1/2-1/2"]
[WhiteElo "2163"]
[BlackElo "2249"]
[PlyCount "47"]
[EventDate "2009.09.27"]
[EventType "swiss"]
[EventRounds "9"]
[EventCountry "SVK"]
[SourceTitle "EXT 2011"]
[Source "ChessBase"]
[SourceDate "2010.11.26"]
[SourceVersion "1"]
[SourceVersionDate "2010.11.26"]
[SourceQuality "1"]

1. d4 Nf6 2. Nf3 c5 3. d5 b5 4. a4 Bb7 5. axb5 Bxd5 6. Nc3 Bb7 7. Bg5 d6 8. e3 Nbd7 9. Be2 g6 10. 0-0 Bg7 11. Re1 0-0 12. Bf1 Ne4 13. Nxe4 Bxe4 14. c3 h6 15. Bf4 Kh7 16. Bd3 Bb7 17. e4 Qc7 18. Qe2 Nb6 19. Nd2 e5 20. Be3 f5 21. f3 Bc8 22. Nc4 Be6 23. Nxb6 axb6 24. Bc4 1/2-1/2

[Event "SVK-chT2D 0809"]
[Site "Slovakia"]
[Date "2008.10.11"]
[Round "1.6"]
[White "Juhar, Roman"]
[Black "Behul, Bohus"]
[Result "1-0"]
[WhiteElo "2161"]
[BlackElo "2182"]
[PlyCount "75"]
[EventDate "2008.10.11"]
[EventType "team-tourn"]
[EventRounds "11"]
[EventCountry "SVK"]
[SourceTitle "EXT 2010"]
[Source "ChessBase"]
[SourceDate "2010.11.25"]
[SourceVersion "1"]
[SourceVersionDate "2010.11.25"]
[SourceQuality "1"]
[WhiteTeam "Kosice Akademik"]
[BlackTeam "Kezmarok KdV II"]
[WhiteTeamCountry "SVK"]
[BlackTeamCountry "SVK"]

1. e4 d6 2. d4 Nf6 3. f3 c6 4. c4 e5 5. d5 Be7 6. Nc3 0-0 7. Be3 cxd5 8. cxd5 a6 9. Bd3 Nh5 10. Nge2 Bg5 11. Qd2 Bxe3 12. Qxe3 f5 13. exf5 Bxf5 14. Bxf5 Rxf5 15. 0-0 Nf4 16. Nxf4 Rxf4 17. Ne4 a5 18. Rac1 Na6 19. Rf2 Rf7 20. Rfc2 Nb4 21. Rc4 b5 22. Rc6 Nxc6 23. dxc6 Rc8 24. Ng5 Rf6 25. Qd3 g6 26. Qd5+ Kg7 27. Ne4 Qb6+ 28. Kh1 Qd4 29. Qxb5 Rf7 30. h3 h6 31. Rc4 Qd1+ 32. Kh2 d5 33. Nc3 Qc1 34. Nxd5 Qd2 35. c7 Rxf3 36. Qd7+ Rf7 37. Qxc8 Qxd5 38. Qa6 1-0

[Event "SVK-chT2D 0708"]
[Site "Slovakia"]
[Date "2007.10.06"]
[Round "1.5"]
[White "Behul, Bohus"]
[Black "Milder, Ladislav"]
[Result "1-0"]
[WhiteElo "2180"]
[BlackElo "2084"]
[PlyCount "79"]
[EventDate "2007.10.06"]
[EventType "team-tourn"]
[EventRounds "11"]
[EventCountry "SVK"]
[SourceTitle "EXT 2010"]
[Source "ChessBase"]
[SourceDate "2010.11.25"]
[SourceVersion "1"]
[SourceVersionDate "2010.11.25"]
[SourceQuality "1"]
[WhiteTeam "Kezmarok KdV II"]
[BlackTeam "Kosice Slavia UPJS IV"]
[WhiteTeamCountry "SVK"]
[BlackTeamCountry "SVK"]

1. d4 Nf6 2. Nf3 g6 3. c4 d5 4. Nc3 Bg7 5. Qb3 dxc4 6. Qxc4 0-0 7. e4 c6 8. Qb3 Nbd7 9. e5 Nd5 10. Nxd5 cxd5 11. Be2 Nb6 12. a4 e6 13. Bg5 f6 14. exf6 Bxf6 15. Bxf6 Qxf6 16. 0-0 Rb8 17. Rac1 Bd7 18. a5 Na8 19. Ne5 Qe7 20. Qg3 Rbc8 21. h4 Kh8 22. Bd3 Rxc1 23. Rxc1 Qe8 24. Qg5 Kg7 25. h5 Qd8 26. Qg3 Be8 27. hxg6 h6 28. Nf7 Bxf7 29. gxf7+ Kxf7 30. Qg6+ Ke7 31. b4 Qd6 32. Qxh6 Qxb4 33. Qh4+ Kd7 34. Rb1 Qxa5 35. Rxb7+ Kc6 36. Qe7 Nc7 37. Rxc7+ Qxc7 38. Qxf8 Qb6 39. Qc8+ Kd6 40. Qa6 1-0

[Event "SVK-chT1E 0607"]
[Site "Slovakia"]
[Date "2006.12.02"]
[Round "5.3"]
[White "Krajnak, Jan"]
[Black "Behul, Bohus"]
[Result "0-1"]
[WhiteElo "2081"]
[BlackElo "2168"]
[PlyCount "120"]
[EventDate "2006.10.07"]
[EventType "team-tourn"]
[EventRounds "11"]
[EventCountry "SVK"]
[SourceTitle "EXT 2008"]
[Source "ChessBase"]
[SourceDate "2007.11.25"]
[SourceVersion "1"]
[SourceVersionDate "2007.11.25"]
[SourceQuality "1"]
[WhiteTeam "Svit SO"]
[BlackTeam "Kezmarok KdV"]
[WhiteTeamCountry "SVK"]
[BlackTeamCountry "SVK"]

1. e4 d6 2. d4 Nf6 3. Nc3 c6 4. Be2 Qa5 5. Bf3 e5 6. Nge2 Be7 7. 0-0 0-0 8. Be3 b5 9. Ng3 Qc7 10. Nf5 Bxf5 11. exf5 Nbd7 12. g4 b4 13. Nb1 e4 14. Bg2 h6 15. Bf4 Qb6 16. Re1 d5 17. h4 Nh7 18. Bg3 Bf6 19. c3 bxc3 20. bxc3 Qd8 21. h5 Bh4 22. Bh2 Qa5 23. Re3 Ndf6 24. Nd2 Bg5 25. Nb3 Qa3 26. Rh3 Rfe8 27. Qe2 Nd7 28. c4 Qb4 29. c5 a5 30. Rd1 a4 31. Na1 Nhf6 32. Bf1 Nh7 33. Qc2 Bd8 34. a3 Qa5 35. Bf4 Ng5 36. Bxg5 Bxg5 37. Qc3 Qc7 38. Nc2 Nf6 39. Be2 Re7 40. Rb1 Rae8 41. Rb6 e3 42. f3 Rb8 43. Qa5 Ree8 44. Nb4 Ra8 45. Na6 Qf4 46. Qe1 Qxd4 47. Nc7 Qxc5 48. Nxa8 Rxa8 49. Rb4 d4 50. Qd1 Rd8 51. Kf1 Qc3 52. Rc4 Qb2 53. Qd3 Qa1+ 54. Bd1 c5 55. f4 Nd5 56. Rf3 Nxf4 57. Rxf4 Bxf4 58. Rxc5 Qb2 59. Be2 Qb6 60. Qc4 Qf6 0-1

[Event "Tatry op"]
[Site "Tatranske Zruby"]
[Date "2006.09.25"]
[Round "3"]
[White "Behul, Bohus"]
[Black "Ruckschloss, Karol"]
[Result "1-0"]
[WhiteElo "2168"]
[BlackElo "2311"]
[PlyCount "101"]
[EventDate "2006.09.23"]
[EventType "swiss"]
[EventRounds "9"]
[EventCountry "SVK"]
[SourceTitle "CBM 114 Extra"]
[Source "ChessBase"]
[SourceDate "2006.11.03"]
[SourceVersion "1"]
[SourceVersionDate "2006.11.03"]
[SourceQuality "1"]

1. d4 f5 2. c4 Nf6 3. Nc3 g6 4. Nf3 Bg7 5. Bf4 d6 6. h3 c6 7. e3 Qa5 8. Qa4 Qxa4 9. Nxa4 Nbd7 10. Nc3 h6 11. Bd3 Nh5 12. Bh2 0-0 13. Nh4 Kh7 14. g4 Bf6 15. Nxg6 Kxg6 16. gxh5+ Kg7 17. Rg1+ Kh8 18. Rg6 Bg7 19. Ke2 Nf6 20. Bf4 Kh7 21. Rag1 Nxh5 22. Bh2 Rf6 23. R6g2 Rf7 24. Kd2 Bd7 25. b4 Bf6 26. c5 dxc5 27. bxc5 b5 28. Ne2 Re8 29. e4 e6 30. a4 a6 31. axb5 axb5 32. Ra1 e5 33. Ra7 f4 34. Nxf4 Bg5 35. Rxg5 hxg5 36. Nxh5 Kg6 37. Be2 exd4 38. Ng3 Rh8 39. Nf5 Rxh3 40. Bg3 Rh8 41. Bd3 Rd8 42. Nd6 Re7 43. f4 gxf4 44. Bxf4 Rh8 45. e5+ Kh5 46. e6 Kg4 47. Rxd7 Rxd7 48. exd7 Kxf4 49. Ne8 Rh2+ 50. Be2 d3 51. Kxd3 1-0

[Event "Tatry op"]
[Site "Tatranske Zruby"]
[Date "2005.09.17"]
[Round "9"]
[White "Povysil, Peter"]
[Black "Behul, Bohus"]
[Result "1/2-1/2"]
[WhiteElo "2072"]
[BlackElo "2160"]
[PlyCount "33"]
[EventDate "2005.09.10"]
[EventType "swiss"]
[EventRounds "9"]
[EventCountry "SVK"]
[SourceTitle "CBM 108 Extra"]
[Source "ChessBase"]
[SourceDate "2005.11.04"]
[SourceVersion "1"]
[SourceVersionDate "2005.11.04"]
[SourceQuality "1"]

1. d4 d5 2. c4 c6 3. Nc3 Nf6 4. e3 e6 5. Nf3 Be7 6. Bd3 0-0 7. 0-0 Nbd7 8. e4 dxe4 9. Nxe4 Nxe4 10. Bxe4 Nf6 11. Bc2 b6 12. Qd3 Bb7 13. Bg5 g6 14. Rad1 Qc7 15. Rfe1 Rfe8 16. Ne5 Nd7 17. Bxe7 1/2-1/2

[Event "Tatry op"]
[Site "Tatranske Zruby"]
[Date "2005.09.14"]
[Round "6"]
[White "Behul, Bohus"]
[Black "Kotan, Ladislav"]
[Result "1/2-1/2"]
[WhiteElo "2160"]
[BlackElo "2363"]
[PlyCount "71"]
[EventDate "2005.09.10"]
[EventType "swiss"]
[EventRounds "9"]
[EventCountry "SVK"]
[SourceTitle "CBM 108 Extra"]
[Source "ChessBase"]
[SourceDate "2005.11.04"]
[SourceVersion "1"]
[SourceVersionDate "2005.11.04"]
[SourceQuality "1"]

1. d4 d5 2. Nf3 Nf6 3. c4 e6 4. Nc3 Be7 5. Bg5 h6 6. Bh4 0-0 7. e3 b6 8. Be2 Bb7 9. 0-0 Nbd7 10. cxd5 exd5 11. Rc1 c5 12. Ne5 Rc8 13. Nxd7 Nxd7 14. Bxe7 Qxe7 15. Bf3 Nf6 16. dxc5 Rxc5 17. Ne2 Rfc8 18. Rxc5 bxc5 19. Qa4 Qc7 20. Rc1 Qb6 21. b3 a5 22. Qf4 Qb4 23. Qe5 Qa3 24. Rc2 a4 25. Qb2 Qb4 26. Qc3 Qxc3 27. Nxc3 axb3 28. axb3 Ra8 29. h3 Ra1+ 30. Kh2 Ra3 31. Nb5 Rxb3 32. Rxc5 Rb2 33. Kg3 Nd7 34. Rc7 Rxb5 35. Rxd7 g6 36. Be2 1/2-1/2

[Event "Tatry op"]
[Site "Tatranske Zruby"]
[Date "2005.09.11"]
[Round "2"]
[White "Behul, Bohus"]
[Black "Mrva, Martin"]
[Result "0-1"]
[WhiteElo "2160"]
[BlackElo "2494"]
[PlyCount "132"]
[EventDate "2005.09.10"]
[EventType "swiss"]
[EventRounds "9"]
[EventCountry "SVK"]
[SourceTitle "CBM 108 Extra"]
[Source "ChessBase"]
[SourceDate "2005.11.04"]
[SourceVersion "1"]
[SourceVersionDate "2005.11.04"]
[SourceQuality "1"]

1. d4 Nf6 2. Nf3 d6 3. c4 g6 4. Nc3 Bg7 5. e4 0-0 6. h3 Na6 7. Be2 e5 8. dxe5 dxe5 9. Be3 c6 10. Qxd8 Rxd8 11. 0-0 Re8 12. Rfd1 Bf8 13. a3 Nc5 14. Nd2 Ne6 15. Nf3 Bc5 16. Bxc5 Nxc5 17. Nd2 Ne6 18. Nf3 a5 19. Kh2 Nc5 20. Nd2 a4 21. f3 Nfd7 22. Na2 Ne6 23. Kg3 Nd4 24. Kf2 Nc5 25. Nb4 Rd8 26. Rac1 Be6 27. Rc3 Rd6 28. Nd3 Nxd3+ 29. Bxd3 c5 30. Nf1 Rb6 31. Rd2 Rb3 32. Rxb3 axb3 33. Ne3 Kf8 34. h4 Ke7 35. g3 f5 36. Nd5+ Bxd5 37. exd5 Kd6 38. Rd1 Rf8 39. Kg2 Rb8 40. h5 b5 41. hxg6 hxg6 42. Rh1 Nxf3 43. Kxf3 e4+ 44. Ke3 exd3 45. Kxd3 bxc4+ 46. Kxc4 Re8 47. Rh6 Re4+ 48. Kxb3 Rg4 49. Rh3 Kxd5 50. a4 Re4 51. Ka3 Re3+ 52. Ka2 c4 53. a5 Kc5 54. a6 Kb6 55. Rh4 Rxg3 56. Rxc4 Kxa6 57. Kb1 Kb5 58. Rc7 Rg2 59. Kc1 f4 60. Rg7 Kc4 61. Kd1 Kd3 62. Ke1 Ke3 63. Kf1 Rxb2 64. Rxg6 Rb1+ 65. Kg2 f3+ 66. Kh2 f2 0-1

[Event "Tatry op"]
[Site "Tatranske Zruby"]
[Date "2004.10.02"]
[Round "9"]
[White "Vojta, Tomas"]
[Black "Behul, Bohus"]
[Result "1-0"]
[WhiteElo "2283"]
[BlackElo "2133"]
[PlyCount "37"]
[EventDate "2004.09.25"]
[EventType "swiss"]
[EventRounds "9"]
[EventCountry "SVK"]
[SourceTitle "CBM 102 Extra"]
[Source "ChessBase"]
[SourceDate "2004.11.03"]
[SourceVersion "1"]
[SourceVersionDate "2004.11.03"]
[SourceQuality "1"]

1. e4 d6 2. d4 Nf6 3. Nc3 c6 4. f3 Qc7 5. Be3 e5 6. Nge2 a6 7. Qd2 b5 8. g4 Nbd7 9. Ng3 Nb6 10. g5 Nfd7 11. b3 b4 12. Nce2 c5 13. dxe5 Nxe5 14. Bg2 Bh3 15. 0-0 Bxg2 16. Kxg2 Be7 17. Nf4 Bxg5 18. Nd5 Nxd5 19. Qxd5 1-0

[Event "Tatry op"]
[Site "Tatranske Zruby"]
[Date "2004.09.27"]
[Round "3"]
[White "Behul, Bohus"]
[Black "Jedlicka, Ales"]
[Result "1-0"]
[WhiteElo "2133"]
[BlackElo "2293"]
[PlyCount "61"]
[EventDate "2004.09.25"]
[EventType "swiss"]
[EventRounds "9"]
[EventCountry "SVK"]
[SourceTitle "CBM 102 Extra"]
[Source "ChessBase"]
[SourceDate "2004.11.03"]
[SourceVersion "1"]
[SourceVersionDate "2004.11.03"]
[SourceQuality "1"]

1. d4 Nf6 2. Nf3 g6 3. g3 Bg7 4. Bg2 0-0 5. 0-0 d6 6. c4 Nc6 7. Nc3 a6 8. Bg5 h6 9. Bd2 e5 10. d5 Ne7 11. e4 Nd7 12. Qe2 Qe8 13. Ne1 f5 14. Nd3 Kh7 15. f4 exf4 16. Nxf4 Ne5 17. b3 Ng8 18. Bh3 g5 19. Nh5 fxe4 20. Nxg7 Kxg7 21. Bxc8 Rxc8 22. Nxe4 Qg6 23. Be3 Rxf1+ 24. Rxf1 Re8 25. g4 Kh7 26. Rf5 b6 27. h3 a5 28. Ng3 Ne7 29. Rf2 Ng8 30. Nh5 Nd3 31. Qxd3 1-0

[Event "Tatry op"]
[Site "Tatranske Zruby"]
[Date "2004.09.27"]
[Round "4"]
[White "Behul, Bohus"]
[Black "Poloch, Petr"]
[Result "1-0"]
[WhiteElo "2133"]
[BlackElo "2291"]
[PlyCount "139"]
[EventDate "2004.09.25"]
[EventType "swiss"]
[EventRounds "9"]
[EventCountry "SVK"]
[SourceTitle "CBM 102 Extra"]
[Source "ChessBase"]
[SourceDate "2004.11.03"]
[SourceVersion "1"]
[SourceVersionDate "2004.11.03"]
[SourceQuality "1"]

1. d4 Nf6 2. Nf3 c5 3. d5 e6 4. c4 exd5 5. cxd5 d6 6. Nc3 g6 7. e4 Bg7 8. Bb5+ Nbd7 9. Bf4 Qe7 10. 0-0 0-0 11. Re1 Ng4 12. Bg5 f6 13. Bh4 a6 14. Bf1 b5 15. Nd2 Nh6 16. Qc2 g5 17. Bg3 Ne5 18. a4 b4 19. Ne2 f5 20. f4 gxf4 21. Bxf4 fxe4 22. Nxe4 Bf5 23. N2g3 Bg6 24. Qd2 Nf5 25. Nxf5 Bxf5 26. Rac1 Bxe4 27. Rxe4 a5 28. Be2 Qh4 29. g3 Qh3 30. Bxe5 dxe5 31. Bg4 Qh6 32. Qxh6 Bxh6 33. Rxe5 Bg7 34. Re2 Bd4+ 35. Kg2 Rad8 36. b3 Kg7 37. Be6 Rfe8 38. Re4 Rf8 39. Rg4+ Kh8 40. Rf1 Rxf1 41. Kxf1 h6 42. Ke2 Rf8 43. h4 h5 44. Rg5 c4 45. bxc4 b3 46. Rf5 Rxf5 47. Bxf5 Bc5 48. Kf3 Kg7 49. g4 Kf6 50. Bb1 hxg4+ 51. Kxg4 Ke5 52. h5 Be3 53. Kf3 Bg5 54. Ke2 Kd4 55. d6 Kc5 56. d7 Kd6 57. Bf5 b2 58. h6 b1Q 59. Bxb1 Kxd7 60. h7 Bf6 61. Kd3 Kd6 62. Ke4 Kc5 63. Kf5 Bc3 64. Bd3 Kd6 65. Kg6 Ke6 66. Bf5+ Kd6 67. Kf7 Kc5 68. Bd3 Kb4 69. Kg8 Kxa4 70. c5 1-0

[Event "SVK-chT1W 0203"]
[Site "Slovakia"]
[Date "2003.03.16"]
[Round "11.8"]
[White "Behul, Bohus"]
[Black "Durdovic, Vladimir"]
[Result "1/2-1/2"]
[WhiteElo "2149"]
[BlackElo "1846"]
[PlyCount "32"]
[EventDate "2002.10.12"]
[EventType "team-tourn"]
[EventRounds "11"]
[EventCountry "SVK"]
[SourceTitle "EXT 2005"]
[Source "ChessBase"]
[SourceDate "2004.11.15"]
[SourceVersion "1"]
[SourceVersionDate "2004.11.15"]
[SourceQuality "1"]
[WhiteTeam "Bratislava PI"]
[BlackTeam "Bratislava DP "]
[WhiteTeamCountry "SVK"]
[BlackTeamCountry "SVK"]

1. d4 d5 2. c4 c6 3. cxd5 cxd5 4. Nc3 e6 5. e3 Nf6 6. Nf3 Nc6 7. Be2 Be7 8. 0-0 0-0 9. b3 b6 10. Bb2 Bb7 11. Rc1 Rc8 12. h3 h6 13. Ne5 Ne4 14. Nxc6 Rxc6 15. Nxe4 dxe4 16. Rxc6 Bxc6 1/2-1/2

[Event "SVK-chT1W 0304"]
[Site "Slovakia"]
[Date "2003.??.??"]
[Round "4"]
[White "Behul, Bohus"]
[Black "Fraas, Martin"]
[Result "0-1"]
[WhiteElo "2145"]
[BlackElo "2190"]
[PlyCount "88"]
[EventDate "2003.10.??"]
[EventType "team"]
[EventRounds "9"]
[EventCountry "SVK"]
[SourceTitle "EXT 2005"]
[Source "ChessBase"]
[SourceDate "2004.11.15"]
[SourceVersion "1"]
[SourceVersionDate "2004.11.15"]
[SourceQuality "1"]

1. d4 d5 2. Nf3 Nf6 3. c4 c6 4. cxd5 cxd5 5. Nc3 e6 6. Bf4 Nc6 7. e3 a6 8. Bd3 Be7 9. h3 Qb6 10. Qe2 Bd7 11. 0-0 0-0 12. a3 Rfc8 13. Ne5 Be8 14. Nxc6 Rxc6 15. Rfc1 Rac8 16. Qd2 a5 17. f3 Kh8 18. Ne2 Qb3 19. Rxc6 Rxc6 20. Nc1 Qb6 21. Ne2 Qb3 22. Rc1 Nd7 23. Bc7 Nc5 24. dxc5 Rxc7 25. Nd4 Qa4 26. Bc2 Qd7 27. b4 Bf8 28. Nb3 axb4 29. axb4 Qd8 30. e4 b6 31. exd5 bxc5 32. bxc5 Qxd5 33. Qxd5 exd5 34. Ra1 Bc6 35. Ra6 g6 36. Kf2 Bb5 37. Ra5 Bc4 38. Ke3 Re7+ 39. Kd2 Bh6+ 40. Kd1 Be2+ 41. Ke1 Bc4+ 42. Kd1 Re2 43. c6 Rxg2 44. Ke1 Be3 0-1

[Event "SVK-chT1W 0001"]
[Site "Slovakia"]
[Date "2000.??.??"]
[Round "2"]
[White "Ac, Michal"]
[Black "Behul, Bohus"]
[Result "1/2-1/2"]
[WhiteElo "2217"]
[BlackElo "2200"]
[PlyCount "109"]
[EventDate "2000.??.??"]
[EventType "team"]
[EventRounds "11"]
[EventCountry "SVK"]
[SourceTitle "EXT 2002"]
[Source "ChessBase"]
[SourceDate "2001.11.25"]
[SourceVersion "1"]
[SourceVersionDate "2001.11.25"]
[SourceQuality "1"]

1. Nf3 Nf6 2. g3 d5 3. Bg2 c6 4. 0-0 Bf5 5. b3 h6 6. Bb2 e6 7. d3 Be7 8. Nbd2 0-0 9. Re1 Nbd7 10. e4 Bg4 11. h3 Bh5 12. e5 Nh7 13. g4 Bg6 14. Qe2 Re8 15. Nf1 Nhf8 16. Ng3 f6 17. exf6 Bxf6 18. d4 Bf7 19. Ne5 Nxe5 20. dxe5 Bg5 21. Rf1 Ng6 22. Nh5 Nf4 23. Nxf4 Bxf4 24. Bc1 Qg5 25. Bxf4 Qxf4 26. Rad1 Bg6 27. c3 c5 28. c4 d4 29. Bxb7 Rab8 30. Bc6 Re7 31. Rfe1 Qg5 32. Be4 Rf8 33. Qd2 Bxe4 34. Qxg5 hxg5 35. Rxe4 Ref7 36. Rd2 Rf3 37. Kg2 Rc3 38. b4 Rxc4 39. bxc5 Rxc5 40. Rexd4 Rxe5 41. Rd6 Rf7 42. Ra6 Kh7 43. Rd3 Re2 44. Rf3 Rc7 45. Kg3 Rd7 46. Rf8 Rd3+ 47. Rf3 Rd7 48. h4 gxh4+ 49. Kxh4 Rdd2 50. Rfa3 Rxf2 51. Rxa7 Kh6 52. Re3 Rh2+ 53. Kg3 Rhg2+ 54. Kh3 Rh2+ 55. Kg3 1/2-1/2

[Event "SVK-chT1W 0001"]
[Site "Slovakia"]
[Date "2000.??.??"]
[Round "1"]
[White "Behul, Bohus"]
[Black "Djubek, Boris"]
[Result "1/2-1/2"]
[WhiteElo "2200"]
[BlackElo "2178"]
[PlyCount "113"]
[EventDate "2000.??.??"]
[EventType "team"]
[EventRounds "11"]
[EventCountry "SVK"]
[SourceTitle "EXT 2002"]
[Source "ChessBase"]
[SourceDate "2001.11.25"]
[SourceVersion "1"]
[SourceVersionDate "2001.11.25"]
[SourceQuality "1"]

1. d4 d5 2. Nf3 Nf6 3. c4 e6 4. Nc3 Be7 5. Bg5 0-0 6. e3 Nbd7 7. cxd5 exd5 8. Bd3 c6 9. 0-0 Re8 10. Qc2 Nf8 11. Ne5 g6 12. Rae1 Ne6 13. Bh4 Ng7 14. Qb3 Qb6 15. Qxb6 axb6 16. f3 Nf5 17. Bf2 Be6 18. g4 Ng7 19. Bg3 Bb4 20. Re2 Nd7 21. Rc1 f6 22. Nxd7 Bxd7 23. a3 Bf8 24. e4 Ne6 25. exd5 Nxd4 26. Rxe8 Rxe8 27. Kg2 Kg7 28. Bf2 Nb3 29. Rd1 Bc5 30. Na4 Bxf2 31. Kxf2 cxd5 32. Nxb6 Bc6 33. Bc2 Na5 34. Nxd5 Nc4 35. Bb3 Nxb2 36. Rd2 Na4 37. Nb4 Nc5 38. Nxc6 Nxb3 39. Rd7+ Kh6 40. Rxb7 Rc8 41. Rxb3 Rxc6 42. h4 g5 43. h5 f5 44. gxf5 Kxh5 45. Ke3 g4 46. Kf4 Rc4+ 47. Kg3 Kg5 48. Rb4 Rc3 49. Rxg4+ Kxf5 50. Ra4 h5 51. Ra5+ Kf6 52. a4 h4+ 53. Kg4 Rc4+ 54. f4 h3 55. Ra6+ Kg7 56. Kxh3 Rxf4 57. Kg3 1/2-1/2